00880nam a22002057a 4500001000500000005001700005020001800022040002900040050001300069082001100082100002200093245003700115250004500152260004500197300002300242505000700265520036800272521001700640521001700657258720240103133725.0 a9780340999240 aFISKHbengcFISKHdFISKH aPZ7.M894 a823.92 aMachamore, Robert aBlack Friday /cRobert Muchamore aThis paperback edition published in 2014 aLondon :bHodder Children's Books,c2013 a384 pages :c20 cm aU  aRyan is about to board a plane, knowing that the next twenty-four hours will change everything. His mission is to stop the biggest terrorist attack America's ever seen. Ryan works for CHERUB, a secret organisation with one key advantage: even a trained terrorist won't suspect that a teenager is spying on them. For official purposes, these children do not exist. a980 bLexile aU bRaz-Plus